[Event "NRW Class1 1819"]
[Site "Germany"]
[Date "2019.01.13"]
[Round "5.1"]
[White "Remmeke, Hans"]
[Black "Grimm, Sascha"]
[Result "1/2-1/2"]
[WhiteElo "2133"]
[BlackElo "2322"]
[PlyCount "52"]
[EventDate "2018.09.16"]
[EventType "team-tourn"]
[EventRounds "9"]
[EventCountry "GER"]
[SourceTitle "EXT 2022"]
[Source "ChessBase"]
[SourceDate "2021.10.06"]
[SourceVersion "1"]
[SourceVersionDate "2021.10.06"]
[SourceQuality "1"]
[WhiteTeam "Nienberge"]
[BlackTeam "Niederkassel"]
[WhiteTeamCountry "GER"]
[BlackTeamCountry "GER"]

1. d4 Nf6 2. c4 g6 3. Nc3 d5 4. cxd5 Nxd5 5. e4 Nxc3 6. bxc3 Bg7 7. Qa4+ Nd7 8. Nf3 0-0 9. Be2 c5 10. 0-0 Nb6 11. Qa3 cxd4 12. cxd4 Bg4 13. Be3 Bxf3 14. gxf3 Bxd4 15. Rfd1 Bxa1 16. Rxd8 Rfxd8 17. Qxe7 Rd7 18. Qb4 Rad8 19. a4 Bd4 20. Bf4 a5 21. Qb3 Rc8 22. Bd2 Bxf2+ 23. Kxf2 Rxd2 24. Qxb6 Rcc2 25. Qxb7 Rxe2+ 26. Kg3 Rg2+ 1/2-1/2

[Event "Muensterland Regionalliga 1516"]
[Site "Germany"]
[Date "2015.09.26"]
[Round "2.1"]
[White "Remmeke, Hans"]
[Black "Hackl Sommer, Rene"]
[Result "1/2-1/2"]
[WhiteElo "2123"]
[BlackElo "2009"]
[PlyCount "35"]
[EventDate "2015.09.05"]
[EventType "team"]
[EventRounds "9"]
[EventCountry "GER"]
[SourceTitle "EXT 2017"]
[Source "ChessBase"]
[SourceDate "2016.10.25"]
[SourceVersion "1"]
[SourceVersionDate "2016.10.25"]
[SourceQuality "1"]
[WhiteTeam "Nienberge"]
[BlackTeam "Telgte"]
[WhiteTeamCountry "GER"]
[BlackTeamCountry "GER"]

1. d4 Nf6 2. c4 e5 3. dxe5 Ng4 4. Bf4 g5 5. Bd2 Nc6 6. e3 Ngxe5 7. Nc3 d6 8. Nd5 Bg7 9. Qc2 Ne7 10. Nxe7 Qxe7 11. Ne2 Bd7 12. Ng3 0-0-0 13. Nf5 Bxf5 14. Qxf5+ Nd7 15. Qc2 Nc5 16. Be2 Qe4 17. Qxe4 Nxe4 18. Bf3 1/2-1/2

[Event "Muensterland Regionalliga 1516"]
[Site "Germany"]
[Date "2015.09.05"]
[Round "1.1"]
[White "Doennebrink, Elmar"]
[Black "Remmeke, Hans"]
[Result "0-1"]
[WhiteElo "2054"]
[BlackElo "2123"]
[PlyCount "132"]
[EventDate "2015.09.05"]
[EventType "team"]
[EventRounds "9"]
[EventCountry "GER"]
[SourceTitle "EXT 2017"]
[Source "ChessBase"]
[SourceDate "2016.10.25"]
[SourceVersion "1"]
[SourceVersionDate "2016.10.25"]
[SourceQuality "1"]
[WhiteTeam "Suedlohn"]
[BlackTeam "Nienberge"]
[WhiteTeamCountry "GER"]
[BlackTeamCountry "GER"]

1. e4 Nf6 2. e5 Nd5 3. Nc3 Nxc3 4. bxc3 c5 5. d4 Qc7 6. Nf3 d5 7. exd6 exd6 8. Bf4 Be7 9. Rb1 0-0 10. Qd2 Qa5 11. Be2 Qxa2 12. 0-0 Qd5 13. Ng5 Bxg5 14. Bxg5 cxd4 15. cxd4 Nc6 16. c3 f6 17. Bf4 Rd8 18. Rb5 Qf7 19. Bf3 d5 20. Qa2 Be6 21. Rfb1 b6 22. Qa1 Na5 23. Be2 Bf5 24. R1b4 Rac8 25. c4 Be6 26. cxd5 Bxd5 27. Rb1 Bc4 28. Bxc4 Rxc4 29. Be3 Nc6 30. d5 Rxd5 31. Rxd5 Qxd5 32. Rd1 Qe6 33. Qa6 h5 34. Qb7 Ra4 35. h3 Ne5 36. Bh6 Qf7 37. Qa8+ Kh7 38. Be3 Qg6 39. Rd8 Qe4 40. Rh8+ Kg6 41. Qg8 Qc4 42. Rh6+ Kf5 43. Qh7+ g6 44. Rxh5+ Ke6 45. Qg8+ Kd6 46. Qd8+ Nd7 47. Rh7 Qe6 48. Bh6 Rd4 49. Qc8 g5 50. Bf8+ Nxf8 51. Qxf8+ Kc6 52. Qa8+ Kb5 53. Rxa7 Qe1+ 54. Kh2 Qxf2 55. Qe8+ Kc5 56. Qe7+ Rd6 57. Rc7+ Kd5 58. Qf7+ Ke5 59. Qe8+ Kf4 60. Rc4+ Rd4 61. Qb8+ Ke4 62. Qe8+ Kd3 63. Rc6 Qf4+ 64. Kg1 Rd6 65. Qg6+ Kd4 66. Rc2 Re6 0-1

[Event "Muensterland Regionalliga 1415"]
[Site "Germany"]
[Date "2015.01.17"]
[Round "5.1"]
[White "Lehmann, Holger"]
[Black "Remmeke, Hans"]
[Result "1-0"]
[WhiteElo "2151"]
[BlackElo "2152"]
[PlyCount "41"]
[EventDate "2014.09.20"]
[EventType "team-tourn"]
[EventRounds "9"]
[EventCountry "GER"]
[SourceTitle "EXT 2016"]
[Source "ChessBase"]
[SourceDate "2015.10.08"]
[SourceVersion "1"]
[SourceVersionDate "2015.10.08"]
[SourceQuality "1"]
[WhiteTeam "Emsdetten Rochade"]
[BlackTeam "Nienberge"]
[WhiteTeamCountry "GER"]
[BlackTeamCountry "GER"]

1. e4 Nf6 2. e5 Nd5 3. d4 d6 4. Nf3 Bg4 5. Be2 dxe5 6. Nxe5 Bxe2 7. Qxe2 c6 8. 0-0 Nd7 9. c4 N5f6 10. Nc3 e6 11. Bg5 Be7 12. Rad1 Nb6 13. Rfe1 0-0 14. a3 Ne4 15. Nxe4 Bxg5 16. Rd3 Bf4 17. Red1 Qe7 18. Qg4 g5 19. Qh5 f5 20. Nxg5 Qxg5 21. Rg3 1-0

[Event "Muensterland Regionalliga 1415"]
[Site "Germany"]
[Date "2014.09.20"]
[Round "1.1"]
[White "Funke, Reinhard"]
[Black "Remmeke, Hans"]
[Result "1/2-1/2"]
[WhiteElo "2072"]
[BlackElo "2152"]
[PlyCount "51"]
[EventDate "2014.09.20"]
[EventType "team-tourn"]
[EventRounds "9"]
[EventCountry "GER"]
[SourceTitle "EXT 2016"]
[Source "ChessBase"]
[SourceDate "2015.10.08"]
[SourceVersion "1"]
[SourceVersionDate "2015.10.08"]
[SourceQuality "1"]
[WhiteTeam "Suedlohn"]
[BlackTeam "Nienberge"]
[WhiteTeamCountry "GER"]
[BlackTeamCountry "GER"]

1. d4 f5 2. Nf3 e6 3. g3 Nf6 4. Bg2 Be7 5. 0-0 0-0 6. c4 d6 7. b3 Ne4 8. Bb2 Bf6 9. Nfd2 Nxd2 10. Qxd2 e5 11. dxe5 dxe5 12. Bd5+ Kh8 13. Ba3 Re8 14. Bf7 Qxd2 15. Nxd2 Rd8 16. Rad1 Nc6 17. e3 e4 18. f4 Rd3 19. Kf2 Nd8 20. Bh5 Be6 21. Nb1 Rxd1 22. Rxd1 Nc6 23. Be2 a5 24. Rd2 Rd8 25. Rxd8+ Nxd8 26. Bc1 1/2-1/2

[Event "Muensterland Verbandsliga 1213"]
[Site "Germany"]
[Date "2013.05.04"]
[Round "9.1"]
[White "Remmeke, Hans"]
[Black "Doennebrink, Elmar"]
[Result "1/2-1/2"]
[WhiteElo "2150"]
[BlackElo "2059"]
[PlyCount "48"]
[EventDate "2012.09.22"]
[EventType "team-tourn"]
[EventRounds "9"]
[EventCountry "GER"]
[SourceTitle "EXT 2015"]
[Source "ChessBase"]
[SourceDate "2014.11.20"]
[SourceVersion "1"]
[SourceVersionDate "2014.11.20"]
[SourceQuality "1"]
[WhiteTeam "Nienberge"]
[BlackTeam "Suedlohn"]
[WhiteTeamCountry "GER"]
[BlackTeamCountry "GER"]

1. d4 Nf6 2. c4 e6 3. g3 d5 4. Nf3 dxc4 5. Qa4+ Bd7 6. Qxc4 Bc6 7. Bg2 Nbd7 8. 0-0 Be7 9. Nc3 0-0 10. Qd3 Re8 11. Rd1 Nd5 12. e4 Nxc3 13. bxc3 Bf6 14. a4 a5 15. d5 exd5 16. exd5 Nc5 17. Qc4 Ne4 18. Bb2 Bd7 19. Nd4 Nd6 20. Qb3 Bg4 21. f3 Bd7 22. c4 b6 23. Re1 Rxe1+ 24. Rxe1 Qf8 1/2-1/2

[Event "Muensterland Verbandsliga 1112"]
[Site "Germany"]
[Date "2012.03.17"]
[Round "8.1"]
[White "Remmeke, Hans"]
[Black "Doennebrink, Elmar"]
[Result "1-0"]
[WhiteElo "2149"]
[BlackElo "2029"]
[PlyCount "83"]
[EventDate "2011.09.24"]
[EventType "team-tourn"]
[EventRounds "9"]
[EventCountry "GER"]
[SourceTitle "EXT 2013"]
[Source "ChessBase"]
[SourceDate "2012.11.22"]
[SourceVersion "1"]
[SourceVersionDate "2012.11.22"]
[SourceQuality "1"]
[WhiteTeam "Nienberge"]
[BlackTeam "Suedlohn"]
[WhiteTeamCountry "GER"]
[BlackTeamCountry "GER"]

1. d4 Nf6 2. c4 g6 3. Nc3 Bg7 4. e4 d6 5. Nf3 0-0 6. Be2 e5 7. 0-0 Nc6 8. d5 Ne7 9. Ne1 Ne8 10. Be3 f5 11. f3 f4 12. Bf2 g5 13. c5 h5 14. a4 Kh7 15. Nb5 a6 16. Na3 Ng8 17. Nd3 Nh6 18. Kh1 g4 19. Nc4 Qg5 20. Qc1 h4 21. fxg4 Nxg4 22. h3 Nxf2+ 23. Rxf2 dxc5 24. Nxc5 Nf6 25. Bf3 Nh5 26. Rc2 Ng3+ 27. Kh2 Qg6 28. Qe1 Rb8 29. Nd3 Qe8 30. Nd2 Rf7 31. a5 Qb5 32. Nc4 Re7 33. d6 cxd6 34. Nxd6 Qxd3 35. Nxc8 Qxc2 36. Nxe7 Qxb2 37. Rc1 Qa3 38. Rc7 b5 39. axb6 Rxb6 40. Nd5 Rb3 41. Qc1 Qa2 42. Qc6 1-0

[Event "Muensterland Verbandsliga 1011"]
[Site "Germany"]
[Date "2011.02.26"]
[Round "7.1"]
[White "Doennebrink, Elmar"]
[Black "Remmeke, Hans"]
[Result "1/2-1/2"]
[WhiteElo "2028"]
[BlackElo "2134"]
[PlyCount "30"]
[EventDate "2010.09.25"]
[EventType "team-tourn"]
[EventRounds "9"]
[EventCountry "GER"]
[SourceTitle "EXT 2012"]
[Source "ChessBase"]
[SourceDate "2011.11.24"]
[SourceVersion "1"]
[SourceVersionDate "2011.11.24"]
[SourceQuality "1"]
[WhiteTeam "Suedlohn"]
[BlackTeam "Nienberge"]
[WhiteTeamCountry "GER"]
[BlackTeamCountry "GER"]

1. e4 Nf6 2. e5 Nd5 3. Nc3 Nxc3 4. dxc3 d6 5. Bc4 Nc6 6. Nf3 dxe5 7. Qxd8+ Nxd8 8. Nxe5 f6 9. Nd3 e5 10. f4 e4 11. Nf2 f5 12. g4 Nf7 13. gxf5 Bxf5 14. Be3 Nd6 15. Bb3 0-0-0 1/2-1/2

[Event "Muensterland Verbandsklasse-A 0809"]
[Site "Germany"]
[Date "2009.03.28"]
[Round "8.1"]
[White "Wilger, Frank"]
[Black "Remmeke, Hans"]
[Result "0-1"]
[WhiteElo "1998"]
[BlackElo "2107"]
[PlyCount "126"]
[EventDate "2008.09.13"]
[EventType "tourn"]
[EventRounds "9"]
[EventCountry "GER"]
[SourceTitle "EXT 2010"]
[Source "ChessBase"]
[SourceDate "2010.11.25"]
[SourceVersion "1"]
[SourceVersionDate "2010.11.25"]
[SourceQuality "1"]
[WhiteTeam "Raesfeld Erle"]
[BlackTeam "Nienberge"]
[WhiteTeamCountry "GER"]
[BlackTeamCountry "GER"]

1. d4 c5 2. dxc5 Na6 3. e4 Nxc5 4. Nc3 d6 5. Bc4 e6 6. Bf4 a6 7. b4 Nxe4 8. Nxe4 d5 9. Nf3 Bxb4+ 10. c3 Be7 11. Ned2 dxc4 12. Nxc4 Nf6 13. Qb3 Nd5 14. Rd1 0-0 15. 0-0 Qe8 16. Nb6 Nxb6 17. Qxb6 f6 18. Bd6 e5 19. h3 a5 20. Qb3+ Kh8 21. c4 Bxd6 22. Rxd6 Qf7 23. Rfd1 Be6 24. Nd2 Rfc8 25. Qb5 h6 26. c5 Bxa2 27. Rd7 Qh5 28. Ne4 Be6 29. R7d6 Qf7 30. Rb6 Rc7 31. Nd6 Qh5 32. Rb1 Bd5 33. Nxb7 Qg6 34. Qf1 Bxb7 35. Rxb7 Rxc5 36. Qd1 a4 37. Rb8+ Rc8 38. R8b7 a3 39. Qb3 a2 40. Ra1 Qc2 41. Qf7 Rg8 42. Qb3 Qxb3 43. Rxb3 Ra4 44. g3 Rga8 45. h4 Kg8 46. Rb7 R8a7 47. Rb8+ Kf7 48. Kf1 Ke6 49. Ke2 Kd5 50. Rd8+ Ke4 51. Rd2 Kf5 52. Rb2 Ra3 53. Rc2 R7a4 54. Rb2 Kg4 55. Rc2 f5 56. Rc7 Re4+ 57. Kf1 Kf3 58. Rxa2 Rxa2 59. Rc3+ Kg4 60. f3+ Kxg3 61. fxe4+ Kxh4 62. exf5 Ra7 63. Rc2 Kg5 0-1

[Event "Muensterland Verbandsklasse-A 0809"]
[Site "Germany"]
[Date "2009.03.07"]
[Round "7.1"]
[White "Remmeke, Hans"]
[Black "Kuhlenbaeumer, Willi"]
[Result "1-0"]
[WhiteElo "2107"]
[BlackElo "1975"]
[PlyCount "89"]
[EventDate "2008.09.13"]
[EventType "tourn"]
[EventRounds "9"]
[EventCountry "GER"]
[SourceTitle "EXT 2010"]
[Source "ChessBase"]
[SourceDate "2010.11.25"]
[SourceVersion "1"]
[SourceVersionDate "2010.11.25"]
[SourceQuality "1"]
[WhiteTeam "Nienberge"]
[BlackTeam "Telgte"]
[WhiteTeamCountry "GER"]
[BlackTeamCountry "GER"]

1. d4 Nf6 2. c4 c5 3. d5 e6 4. Nc3 exd5 5. cxd5 d6 6. Nf3 g6 7. Qa4+ Bd7 8. Qb3 b6 9. e4 a6 10. a4 Bg4 11. Nd2 Bc8 12. Nc4 Nbd7 13. Bf4 Qc7 14. Be2 Rb8 15. h3 Ne5 16. Ne3 Bg7 17. 0-0 0-0 18. Bh2 Ne8 19. Kh1 f5 20. f4 Nf7 21. exf5 gxf5 22. Bd3 Nh6 23. Qc2 Qf7 24. Rab1 Kh8 25. b4 Bd4 26. Bg1 Qg7 27. Ne2 Bf6 28. Rf3 Bh4 29. bxc5 dxc5 30. a5 b5 31. Qxc5 Rg8 32. Qc3 Bf6 33. Qd2 Nd6 34. Rg3 Qf7 35. Rxg8+ Nxg8 36. Qb4 Be7 37. Qc3+ Nf6 38. Qe5 Qg7 39. Nd4 Rb7 40. Bxf5 Nf7 41. Ne6 Qg3 42. Qc3 Nd6 43. Bh2 Qh4 44. Bd3 Kg8 45. Nf5 1-0

[Event "Muensterland Verbandsklasse-A 0809"]
[Site "Germany"]
[Date "2008.12.06"]
[Round "4.1"]
[White "Chilla, Jan Eric"]
[Black "Remmeke, Hans"]
[Result "1/2-1/2"]
[WhiteElo "1900"]
[BlackElo "2107"]
[PlyCount "79"]
[EventDate "2008.09.13"]
[EventType "tourn"]
[EventRounds "9"]
[EventCountry "GER"]
[SourceTitle "EXT 2010"]
[Source "ChessBase"]
[SourceDate "2010.11.25"]
[SourceVersion "1"]
[SourceVersionDate "2010.11.25"]
[SourceQuality "1"]
[WhiteTeam "Muenster SK III"]
[BlackTeam "Nienberge"]
[WhiteTeamCountry "GER"]
[BlackTeamCountry "GER"]

1. d4 d5 2. c4 e6 3. Nc3 c6 4. e4 dxe4 5. Nxe4 Bb4+ 6. Bd2 Qxd4 7. Bxb4 Qxe4+ 8. Be2 Na6 9. Ba5 b6 10. Qd6 Bd7 11. 0-0-0 Rd8 12. Bc3 f6 13. Rd4 Qg6 14. Rg4 Qf7 15. Rxg7 Qxg7 16. Bh5+ Qg6 17. Bxg6+ hxg6 18. Nf3 Rh5 19. Nd4 Nc5 20. Qg3 Ne7 21. Re1 e5 22. b4 Na4 23. Ba1 c5 24. Nb5 Bxb5 25. cxb5 cxb4 26. f4 Nc5 27. Re3 Kf7 28. fxe5 Nf5 29. Qf3 Rxh2 30. g4 Nxe3 31. Qxf6+ Ke8 32. Qxg6+ Kd7 33. Qc6+ Ke7 34. Qf6+ Ke8 35. Qg6+ Ke7 36. Qg5+ Ke8 37. Qg6+ Ke7 38. Qf6+ Ke8 39. Qg6+ Ke7 40. Qf6+ 1/2-1/2

[Event "Muensterland Verbandsklasse-B 0708"]
[Site "Germany"]
[Date "2007.10.20"]
[Round "2.1"]
[White "Richters, Alfred"]
[Black "Remmeke, Hans"]
[Result "0-1"]
[WhiteElo "1942"]
[BlackElo "2089"]
[PlyCount "132"]
[EventDate "2007.09.15"]
[EventType "team-tourn"]
[EventRounds "9"]
[EventCountry "GER"]
[SourceTitle "EXT 2009"]
[Source "ChessBase"]
[SourceDate "2008.11.26"]
[SourceVersion "1"]
[SourceVersionDate "2008.11.26"]
[SourceQuality "1"]
[WhiteTeam "Suedlohn II"]
[BlackTeam "Nienberge"]
[WhiteTeamCountry "GER"]
[BlackTeamCountry "GER"]

1. d4 c5 2. dxc5 Qa5+ 3. Nc3 Nf6 4. a3 Qxc5 5. e4 d6 6. Bd3 a6 7. Nge2 e6 8. 0-0 Be7 9. Be3 Qc7 10. Ng3 Nbd7 11. f4 g6 12. Qe2 b5 13. Rad1 Bb7 14. Kh1 h5 15. Rf3 Rc8 16. h3 Qb8 17. Bd4 Qa8 18. Rf2 e5 19. Be3 h4 20. Nf1 Rxc3 21. bxc3 Nxe4 22. Bxe4 Bxe4 23. fxe5 dxe5 24. c4 Bc6 25. cxb5 axb5 26. Qd3 0-0 27. Bh6 e4 28. Qc3 f6 29. Bxf8 Nxf8 30. Ne3 f5 31. Qb3+ Kg7 32. Qc3+ Bf6 33. Qc5 Ne6 34. Qd6 Qe8 35. c4 Bg5 36. Nd5 bxc4 37. Nc7 Nxc7 38. Qxc7+ Kh6 39. Rd6 e3 40. Rf1 Be4 41. Rdd1 e2 42. Rde1 exf1Q+ 43. Rxf1 Qd8 44. Qxc4 Qd3 45. Qxd3 Bxd3 46. Rf3 Be4 47. Rb3 Be7 48. Rc3 Kg5 49. Kg1 Kf4 50. Kh2 Bf6 51. Rb3 g5 52. a4 Bd8 53. Ra3 Ba5 54. Rb3 Be1 55. Ra3 Ba5 56. Rb3 g4 57. hxg4 fxg4 58. Rb5 Be1 59. Kg1 Bd2 60. Rb2 Bc3 61. Rb3 Bd4+ 62. Kf1 Bc2 63. Ra3 Bb2 64. Ra2 Bd3+ 65. Ke1 Bc3+ 66. Kf2 Bd4+ 0-1

[Event "Muenster Bezirksliga 0506"]
[Site "Muenster"]
[Date "2006.01.14"]
[Round "5.1"]
[White "Vehmeyer, Thomas"]
[Black "Remmeke, Hans"]
[Result "0-1"]
[WhiteElo "1713"]
[BlackElo "2181"]
[PlyCount "74"]
[EventDate "2005.09.10"]
[EventType "team"]
[EventRounds "9"]
[EventCountry "GER"]
[SourceTitle "EXT 2007"]
[Source "ChessBase"]
[SourceDate "2006.11.23"]
[SourceVersion "1"]
[SourceVersionDate "2006.11.23"]
[SourceQuality "1"]
[WhiteTeam "Sendenhorst II"]
[BlackTeam "Muenster"]
[WhiteTeamCountry "GER"]
[BlackTeamCountry "GER"]

1. d4 c5 2. c3 Qc7 3. e4 e6 4. Nf3 Nf6 5. Bd3 d6 6. 0-0 Nbd7 7. Qe2 Be7 8. a4 e5 9. Na3 0-0 10. Bg5 Re8 11. d5 Nf8 12. Bb5 Rd8 13. Nd2 Nxd5 14. Bxe7 Nxe7 15. Bc4 Neg6 16. Nf3 Qe7 17. Nc2 Nf4 18. Qe3 N8g6 19. g3 Be6 20. Bxe6 Nxe6 21. h4 Rd7 22. Rad1 Nc7 23. Rd2 d5 24. exd5 Nxd5 25. Qe4 Nf6 26. Qe2 Rxd2 27. Nxd2 Qd7 28. Kg2 Qxa4 29. Nc4 Qc6+ 30. Kg1 e4 31. h5 Ne7 32. g4 h6 33. f4 Qe6 34. Ne5 Ned5 35. Rd1 Re8 36. Rxd5 Qxd5 37. g5 hxg5 0-1

[Event "Muenster Bezirksliga 0506"]
[Site "Muenster"]
[Date "2005.12.17"]
[Round "4.1"]
[White "Remmeke, Hans"]
[Black "Lysyy, Volodymyr"]
[Result "1-0"]
[WhiteElo "2181"]
[BlackElo "1844"]
[PlyCount "69"]
[EventDate "2005.09.10"]
[EventType "team"]
[EventRounds "9"]
[EventCountry "GER"]
[SourceTitle "EXT 2007"]
[Source "ChessBase"]
[SourceDate "2006.11.23"]
[SourceVersion "1"]
[SourceVersionDate "2006.11.23"]
[SourceQuality "1"]
[WhiteTeam "Muenster"]
[BlackTeam "Muenster IV"]
[WhiteTeamCountry "GER"]
[BlackTeamCountry "GER"]

1. d4 Nf6 2. c4 g6 3. f3 Bg7 4. e4 d6 5. Be3 0-0 6. Nc3 c6 7. Nge2 Qc7 8. Nc1 Nbd7 9. Be2 Rd8 10. 0-0 Nf8 11. Nd3 e6 12. Rc1 Qe7 13. f4 Ne8 14. Qe1 f5 15. e5 Nd7 16. Bf3 Nc7 17. Bf2 Re8 18. b4 dxe5 19. dxe5 Qf7 20. Qe2 Bf8 21. b5 cxb5 22. cxb5 Ba3 23. Rc2 Qf8 24. Rd1 Bb4 25. Nxb4 Qxb4 26. Bxb7 Bxb7 27. Rxd7 Rac8 28. Rd4 Qe7 29. Ra4 Nd5 30. Nxd5 Bxd5 31. Rxc8 Rxc8 32. Rxa7 Qb4 33. Re7 Qxe7 34. b6 Qb4 35. h3 1-0